000 00618nam a2200193Ia 4500
008 151121s9999||||xx |||||||||||||| ||und||
082 _a910/गडक
082 _bHNW-41374
100 _aगडकरी माधव
245 _aएक झलक पूर्वेची
260 _b"कोहिनूर प्रकाशन, मुंबई।"
260 _c--
300 _a82
600 _aगडकरी माधव
630 _aएक झलक पूर्वेची
700 _aगडकरी माधव
730 _aएक झलक पूर्वेची
942 _cBOOK
999 _c1230407
_d1230404